| 000 | 005170000a22002050004500 | ||
|---|---|---|---|
| 999 |
_c49111 _d49111 |
||
| 001 | 1960 | ||
| 003 | CO-MdFUSB | ||
| 005 | 20180503131803.0 | ||
| 008 | 180503b xxu||||| |||| 00| 0 eng d | ||
| 020 | _a84-246-0774-0 | ||
| 040 | _cCO-MdBIC | ||
| 082 | 0 | 4 | _a056 Ar6d4 |
| 100 | 1 | _aPortell, Joan | |
| 245 | 1 | 0 | _aLos Árboles / Joan Portell , Susana Aránega ; edición Núria González |
| 260 | _aBarcelona : La Galera | ||
| 300 | _a31 p. | ||
| 500 | _aApartir de 3 años | ||
| 650 | 1 | 4 | _aárboles |
| 942 | _cLGB | ||